[Event "Challengers' Cup"]
[Site "Seattle, WA"]
[Date "2014.10.26"]
[Round "4"]
[White "Airapetian Chouchanik (WA)"]
[Black "Pupols Viktors  (WA)"]
[Result "1/2-1/2"]
[WhiteElo "2011"]
[BlackElo "2200"]
[Annotator ""]
[Source ""]
[Remark "Open"]

1.e4 e6 2.d4 d5 3.Nc3 Nf6 4.e5 Nfd7 5.f4 c5 6.Nf3 Nc6 7.Be3 cxd4
8.Nxd4 Bc5 9.Qd2 a6 10.Be2 Nxd4 11.Bxd4 Bxd4 12.Qxd4 Qb6 13.O-O-O
Qxd4 14.Rxd4 h5 15.g3 Ke7 16.Bf3 b5 17.a4 bxa4 18.Nxa4 Bb7 19.Kd2
Bc6 20.Ra1 h4 21.Ke3 hxg3 22.hxg3 Rh2 23.Rd2 Rah8 24.Rxh2 Rxh2
25.c3 g5 26.b3 gxf4+ 27.gxf4 Bb5 28.Rd1 Bxa4 29.bxa4 Ra2 30.Rd4
Ra3 31.Be2 Rxc3+ 32.Kd2 Rc7 33.Rb4 a5 34.Rb5 Nc5 35.Ke3 Nxa4
36.Rxa5 Nb2 37.Rb5 Nc4+ 38.Kd4 Na3 39.Rb8 Nc2+ 40.Kd3 Ne1+ 41.Kd2
Ng2 42.Bb5 f6 43.Rg8 Rc5 44.Rxg2 Rxb5 45.Rg7+ Kf8 46.exf6 1/2-1/2

[Event "Challengers' Cup"]
[Site "Seattle, WA"]
[Date "2014.10.25"]
[Round "1"]
[White "Haining Kyle  (WA)"]
[Black "Buck Stephen  (WA)"]
[Result "1-0"]
[WhiteElo "2054"]
[BlackElo "1727"]
[Annotator ""]
[Source ""]
[Remark "Open"]

1.e4 c5 2.Nf3 d6 3.d4 cxd4 4.Nxd4 Nf6 5.Nc3 a6 6.Be3 e6 7.f4
Qc7 8.Qf3 Be7 9.O-O-O O-O 10.g4 Nc6 11.g5 Nd7 12.h4 Nxd4 13.Bxd4
e5 14.Nd5 Qd8 15.Be3 f5 16.exf5 Rxf5 17.Bd3 Rf8 18.Bxh7+ 1-0

[Event "Challengers' Cup"]
[Site "Seattle, WA"]
[Date "2014.10.25"]
[Round "1"]
[White "Wu James Z  (WA)"]
[Black "Cross Jason  (WA)"]
[Result "0-1"]
[WhiteElo "601"]
[BlackElo "1528"]
[Annotator ""]
[Source ""]
[Remark "Reserve"]

1.e4 c6 2.Nf3 d5 3.Nc3 Bg4 4.h3 Bh5 5.b3 e6 6.exd5 cxd5 7.Bb5+
Nd7 8.Bb2 Bxf3 9.Qxf3 a6 10.Bd3 Ngf6 11.O-O Bd6 12.Rfe1 Ne5 13.Qe2
O-O 14.Na4 Nxd3 15.cxd3 b5 16.Nc3 Rc8 17.Rac1 Qb6 18.Nxd5 Nxd5
19.Qg4 g6 20.Qh4 Rxc1 21.Rxc1 Be7 22.Qh6 Bf6 23.Rc8 Rxc8 24.g4
Bxb2 25.h4 Bg7 26.Qg5 f6 27.Qxd5 exd5 28.h5 Qe6 29.Kf1 Rc1+ 30.Kg2
Qxg4+ 31.Kh2 Rg1 32.f3 Qg2# 0-1

[Event "Challengers' Cup"]
[Site "Seattle, WA"]
[Date "2014.10.26"]
[Round "3"]
[White "Pupols Viktors  (WA)"]
[Black "Haining Kyle  (WA)"]
[Result "0-1"]
[WhiteElo "2200"]
[BlackElo "2061"]
[Annotator ""]
[Source ""]
[Remark "Open"]

1.d4 g6 2.c4 Bg7 3.Nc3 Nf6 4.e4 d6 5.f4 O-O 6.Nf3 c5 7.dxc5 dxc5
8.Bd3 Nc6 9.O-O b6 10.e5 Nd7 11.Be4 Bb7 12.Be3 Qc8 13.Ng5 Rd8
14.Qf3 h6 15.e6 {?!} ( 15.Nxf7 ) hxg5 16.exd7 Qxd7 17.fxg5 {?}
Ne5 18.Qf2 Bxe4 19.Nxe4 Qe6 20.Qe2 Nxc4 21.Bf2 Nxb2 22.Rab1 Nd3
23.Kh1 c4 24.Qf3 c3 25.Be3 c2 26.Rb3 Rac8 0-1

[Event "Challengers' Cup"]
[Site "Seattle, WA"]
[Date "2014.10.26"]
[Round "3"]
[White "Greninger Harley  (WA)"]
[Black "Tiglon Bryce  (WA)"]
[Result "0-1"]
[WhiteElo "2163"]
[BlackElo "2244"]
[Annotator ""]
[Source ""]
[Remark "Open"]

1.d4 d5 2.Bf4 e6 3.e3 Bd6 4.Bg3 c5 5.c3 Qc7 6.Nf3 Nd7 7.Nbd2
Ngf6 8.Bd3 O-O 9.O-O Bxg3 10.hxg3 e5 11.dxe5 Nxe5 12.Bc2 Bg4
13.Qb1 Rfe8 14.Bf5 a5 15.Bxg4 Nfxg4 16.e4 c4 17.exd5 Nd3 18.Nd4
Ndxf2 19.N2f3 Qxg3 20.Nf5 Nh3+ 21.Kh1 Ngf2+ 22.Rxf2 Nxf2+ 23.Kg1
Nh3+ 24.Kh1 Qf4 25.Qc2 g6 26.N5d4 Ng5 27.Rd1 Rad8 28.Qa4 Ne4
29.Kg1 Qe3+ 30.Kh2 Nf2 31.Rd2 Qh6+ 32.Kg1 Ng4 33.Rd1 Qe3+ 0-1

[Event "Challengers' Cup"]
[Site "Seattle, WA"]
[Date "2014.10.26"]
[Round "4"]
[White "Leslie Cameron  (WA)"]
[Black "He Anthony  (WA)"]
[Result "1/2-1/2"]
[WhiteElo "2088"]
[BlackElo "1898"]
[Annotator ""]
[Source ""]
[Remark "Open"]

1.d4 d5 2.c4 e6 3.Nc3 Nf6 4.cxd5 Nxd5 5.e4 Nxc3 6.bxc3 c5 7.Rb1
cxd4 8.cxd4 Be7 9.Nf3 O-O 10.Bc4 Nd7 11.O-O Nf6 12.Qe2 b6 13.Rd1
Bb7 14.Bd3 Rc8 15.e5 Nd5 16.Qe4 g6 17.Bh6 Re8 18.h4 Bf8 19.Bxf8
Rxf8 20.h5 Qe7 21.hxg6 fxg6 22.Qg4 Rf4 23.Qg3 Rcf8 24.Rbc1 Nb4
25.Bxg6 hxg6 26.Qxg6+ Kh8 27.Qh6+ Kg8 28.Qg6+ Kh8 29.Qh6+ 1/2-1/2

[Event "Challengers' Cup"]
[Site "Seattle, WA"]
[Date "2014.10.26"]
[Round "5"]
[White "Beck Alec  (WA)"]
[Black "Cross Jason  (WA)"]
[Result "1-0"]
[WhiteElo "1311"]
[BlackElo "1528"]
[Annotator ""]
[Source ""]
[Remark "Reserve"]

1.d4 Nf6 2.Nf3 g6 3.c4 Bg7 4.Nc3 O-O 5.Bf4 d6 6.e3 Nh5 7.Bg5
c6 8.Be2 Qc7 9.Nd2 Nf6 10.Bxf6 Bxf6 11.h4 e5 12.d5 Bg7 13.Qc2
f5 14.O-O-O Nd7 15.h5 a5 16.hxg6 hxg6 17.g4 Nc5 18.gxf5 Bxf5
19.e4 Bd7 20.f3 Rf6 21.Nb3 Qb6 22.Nxc5 Qxc5 23.Qb3 Qe3+ 24.Kb1
Rb8 25.Rd3 Qa7 26.Rhd1 c5 27.Rg1 a4 28.Qc2 b5 29.cxb5 Bxb5 30.Nxb5
Rxb5 31.Ra3 Rb4 32.Bd1 Kf7 33.Rg3 Bh6 34.Rxa4 Qb6 35.Rxb4 Qxb4
36.Qc3 Qb6 37.Qb3 Qxb3 38.Bxb3 Be3 39.Kc2 g5 40.Kd3 Bf4 41.Rh3
Kg7 42.Kc4 Bc1 43.Kc3 Rh6 44.Rxh6 Kxh6 45.a4 c4 46.Bxc4 Be3 47.a5
Bd4+ 48.Kc2 Bc5 49.a6 Kg7 50.Kb3 Kf7 51.Ka4 Ke7 52.Bb5 Kd8 53.b4
Bb6 54.Bc6 Kc7 55.Kb5 Ba7 56.Bb7 Bb6 57.Kc4 Ba7 58.b5 Bb6 59.Kd3
Ba7 60.Ke2 Bb6 61.Kf1 {  There may have been a second page, but I didn't receive one.  The outcome seems clear from here anyway.}
 1-0

[Event "Challengers' Cup"]
[Site "Seattle, WA"]
[Date "2014.10.25"]
[Round "2"]
[White "Thomas Arjun  (WA)"]
[Black "Rupel David  (WA)"]
[Result "1/2-1/2"]
[WhiteElo "1739"]
[BlackElo "2105"]
[Annotator ""]
[Source ""]
[Remark "Open"]

1.e4 c5 2.Nf3 g6 3.c3 Bg7 4.d4 cxd4 5.cxd4 d5 6.e5 Nc6 7.Nc3
Bg4 8.Be3 Nh6 9.Qb3 Bxf3 10.gxf3 Nf5 11.Rd1 Nxe3 12.fxe3 e6 13.Qxb7
Qh4+ {?!} 14.Ke2 O-O 15.Qxc6 Rab8 16.Rd2 Rb6 17.Qa4 Rfb8 18.Qc2
Rc8 {  I have no idea why this is a draw.  Perhaps White was way low on time?}
 1/2-1/2

[Event "Challengers' Cup"]
[Site "Seattle, WA"]
[Date "2014.10.25"]
[Round "2"]
[White "Greninger Harley  (WA)"]
[Black "He Anthony  (WA)"]
[Result "1/2-1/2"]
[WhiteElo "2163"]
[BlackElo "1898"]
[Annotator ""]
[Source ""]
[Remark "Open"]

1.d4 d5 2.c4 e6 3.Nc3 Nf6 4.cxd5 Nxd5 5.e4 Nxc3 6.bxc3 c5 7.Nf3
cxd4 8.cxd4 Bb4+ 9.Bd2 Bxd2+ 10.Qxd2 O-O 11.Be2 b6 12.O-O Bb7
13.Qe3 Nd7 14.Rfd1 Nf6 15.Bd3 Qe7 16.Nd2 Rac8 17.Qh3 h6 18.Qg3
Rfd8 19.e5 Nd5 20.Ne4 Nb4 21.Nd6 Rc7 22.Qe3 Ba8 23.Be4 Bxe4 24.Qxe4
Nd5 25.Rdc1 Rdd7 26.Nb5 Rxc1+ 27.Rxc1 a6 28.Nd6 Rc7 29.Rxc7 Qxc7
30.g3 Qc1+ 31.Kg2 Qc6 32.Qf3 1/2-1/2

[Event "Challengers' Cup"]
[Site "Seattle, WA"]
[Date "2014.10.26"]
[Round "5"]
[White "Balchand Suraj A  (WA)"]
[Black "Huang Jared  (WA)"]
[Result "0-1"]
[WhiteElo "1351"]
[BlackElo "1157"]
[Annotator ""]
[Source ""]
[Remark "Reserve"]

1.e4 c5 2.Nf3 Nc6 3.d4 cxd4 4.Nxd4 Nf6 5.Nxc6 bxc6 6.Bd3 g6 7.O-O
Bg7 8.c4 O-O 9.Nc3 e6 10.Re1 d5 11.cxd5 cxd5 12.e5 Nd7 13.f4
Nc5 14.Bc2 Qb6 15.Kh1 Rd8 16.Na4 Nxa4 17.Bxa4 Bd7 18.Bc2 Bb5
19.Be3 Qa5 20.a3 Rd7 21.b4 Qd8 22.Bf2 Rc8 23.Ba4 Bxa4 24.Qxa4
d4 25.g3 Rcc7 26.Qa6 Rc2 27.Re2 d3 28.Rxc2 dxc2 29.Kg2 Rd1 30.Qc4
Qd5+ 0-1

[Event "Challengers' Cup"]
[Site "Seattle, WA"]
[Date "2014.10.26"]
[Round "4"]
[White "Tafalla Gabriel  (WA)"]
[Black "Phillips Daniel  (WA)"]
[Result "1/2-1/2"]
[WhiteElo "1890"]
[BlackElo "1886"]
[Annotator ""]
[Source ""]
[Remark "Open"]

1.e4 e6 2.d4 d5 3.e5 c5 4.c3 Nc6 5.Nf3 Qb6 6.Bd3 cxd4 7.cxd4
Bd7 8.Bc2 Nb4 9.Nc3 Nxc2+ 10.Qxc2 Qa6 11.Bd2 Ne7 12.Rc1 Rc8 13.Qb1
Nc6 14.Rd1 Nb4 15.Be3 Ba4 16.Nxa4 Nc2+ 17.Kd2 Qxa4 18.Rc1 Bb4+
19.Ke2 1/2-1/2

[Event "Challengers' Cup"]
[Site "Seattle, WA"]
[Date "2014.10.25"]
[Round "3"]
[White "Mathews Daniel  (WA)"]
[Black "Tan Alan  (WA)"]
[Result "1/2-1/2"]
[WhiteElo "1760"]
[BlackElo "1607"]
[Annotator ""]
[Source ""]
[Remark "Reserve"]

1.e4 e5 2.Nf3 Nc6 3.b3 Nf6 4.d3 Bb4+ 5.Bd2 a5 6.Be2 O-O 7.O-O
Re8 8.Bxb4 axb4 9.a4 d5 10.Nbd2 Bg4 11.exd5 Nxd5 12.Qc1 Nc3 13.Re1
f5 14.Bf1 Qd5 15.Kh1 Qc5 16.d4 Nxd4 17.Bc4+ Kh8 18.Ng5 Bh5 19.Re3
Qe7 20.f4 Qf6 21.Rh3 Nce2 22.Rxh5 h6 23.Qd1 Nxf4 24.Nf7+ Kh7
25.Ng5+ Kh8 26.Nf7+ Kh7 27.Ng5+ 1/2-1/2

[Event "Challengers' Cup"]
[Site "Seattle, WA"]
[Date "2014.10.25"]
[Round "2"]
[White "Mirano M. David  (WA)"]
[Black "Pupols Viktors  (WA)"]
[Result "0-1"]
[WhiteElo "1954"]
[BlackElo "2200"]
[Annotator ""]
[Source ""]
[Remark "Open"]

1.e4 e6 2.d4 d5 3.Nc3 Nf6 4.Bg5 dxe4 5.Nxe4 Be7 6.Ng3 O-O 7.Bd3
c5 8.dxc5 Qa5+ 9.c3 Qxc5 10.Bxf6 Bxf6 11.Ne4 Qe7 12.Qf3 Nd7 13.Nh3
Ne5 14.Nxf6+ Qxf6 15.Qxf6 Nxd3+ {} {   I am afraid White may have seen something that wasn't really there, since this game is nearly even.}
 0-1

[Event "Challengers' Cup"]
[Site "Seattle, WA"]
[Date "2014.10.25"]
[Round "1"]
[White "Shubin Daniel  (WA)"]
[Black "Tan Alan  (WA)"]
[Result "0-1"]
[WhiteElo "1025"]
[BlackElo "1607"]
[Annotator ""]
[Source ""]
[Remark "Reserve"]

1.e4 e5 2.Nf3 Nc6 3.Bc4 Nf6 4.Ng5 d5 5.exd5 Na5 6.Bb5+ c6 7.dxc6
bxc6 8.Be2 h6 9.Nf3 e4 10.Ng1 Bc5 11.d3 Qb6 12.Bd2 Bxf2+ 13.Kf1
Nd5 14.dxe4 Ne3+ 15.Bxe3 Bxe3 16.Nd2 O-O 17.Nb3 Rd8 18.Qe1 Nxb3
19.axb3 Rd2 20.Rc1 Ba6 21.h3 Bxg1 22.Bxa6 Rf2+ 23.Kxg1 Re2+ 0-1

[Event "Challengers' Cup"]
[Site "Seattle, WA"]
[Date "2014.10.25"]
[Round "3"]
[White "Cross Jason  (WA)"]
[Black "Puri Ishaan  (WA)"]
[Result "0-1"]
[WhiteElo "1528"]
[BlackElo "1624"]
[Annotator ""]
[Source ""]
[Remark "Reserve"]

1.c4 g6 2.Nc3 Bg7 3.g3 Nf6 4.Bg2 O-O 5.Rb1 d6 6.d3 c6 7.Nf3 Nbd7
8.O-O Nb6 9.b4 d5 10.Nd2 Bf5 11.e4 dxe4 12.Ndxe4 Nxe4 13.Nxe4
Nd7 14.Bb2 Ne5 15.f4 Nxd3 16.Bxg7 Kxg7 17.Rb3 Bxe4 18.Bxe4 Qd4+
19.Kg2 Qxe4+ 20.Kh3 Rad8 21.Qb1 Qe6+ 22.Kg2 h5 23.c5 Rh8 24.h4
Qe2+ 25.Kg1 Nxf4 26.Rxf4 Rd2 27.Qe4 Rd1+ 0-1

[Event "Challengers' Cup"]
[Site "Seattle, WA"]
[Date "2014.10.25"]
[Round "1"]
[White "Lewis-Sandy Joshua  (WA)"]
[Black "Anthony Ralph  (WA)"]
[Result "0-1"]
[WhiteElo "1301"]
[BlackElo "1667"]
[Annotator ""]
[Source ""]
[Remark "Reserve"]

1.d4 Nf6 2.c4 e5 3.dxe5 Ng4 4.Nf3 Nc6 5.Qd5 Bb4+ 6.Nc3 Qe7 7.Bg5
Qc5 8.Qxc5 Bxc5 9.e3 Ngxe5 10.Nxe5 Nxe5 11.Bf4 d6 12.Bxe5 dxe5
13.Nd5 Kd7 14.O-O-O Rb8 15.b4 Be7 16.c5 c6 17.Nb6+ Kc7 18.Nxc8
Rhxc8 19.Bc4 a5 20.a3 b6 21.cxb6+ Rxb6 22.bxa5 Bxa3+ 23.Kd2 Rb2+
24.Ke1 Bb4+ 25.Kf1 Bxa5 26.Ra1 Rd8 27.g3 Bb6 28.Kg2 Bxe3 29.Ra7+
Bxa7 0-1

[Event "Challengers' Cup"]
[Site "Seattle, WA"]
[Date "2014.10.25"]
[Round "1"]
[White "Lee Addison  (WA)"]
[Black "Allen Robert  (WA)"]
[Result "0-1"]
[WhiteElo "1527"]
[BlackElo "1796"]
[Annotator ""]
[Source ""]
[Remark "Reserve"]

1.d4 Nf6 2.c4 g6 3.Nc3 d5 4.cxd5 Nxd5 5.e4 Nxc3 6.bxc3 Bg7 7.Bc4
c5 8.Ne2 Nc6 9.Be3 cxd4 10.cxd4 O-O 11.O-O Na5 12.Bb3 b6 13.Bd5
Bb7 14.Bxb7 Nxb7 15.Rc1 e6 16.Qb3 Qd7 17.f3 Rac8 18.Rxc8 Rxc8
19.Rd1 Na5 20.Qd3 Qa4 21.Nc3 Rxc3 22.Qxc3 Qxd1+ 23.Kf2 Qa4 24.Qc8+
Bf8 25.Kg3 Qxa2 26.Bf4 Qa3 27.d5 exd5 28.exd5 Qc5 29.Qa8 Kg7
30.Be5+ f6 31.Qxa7+ Qe7 32.Qxe7+ Bxe7 33.d6 fxe5 34.dxe7 Kf7 0-1

[Event "Challengers' Cup"]
[Site "Seattle, WA"]
[Date "2014.10.25"]
[Round "2"]
[White "Szabo Marcell  (WA)"]
[Black "Phillips Daniel  (WA)"]
[Result "1/2-1/2"]
[WhiteElo "2172"]
[BlackElo "1886"]
[Annotator ""]
[Source ""]
[Remark "Open"]

1.d4 Nf6 2.Bg5 Ne4 3.Bf4 d5 4.Nd2 Nxd2 5.Qxd2 Nd7 6.Nf3 Nf6 7.e3
Bf5 8.Bd3 Bxd3 9.cxd3 e6 10.O-O Bd6 11.Bg5 c6 12.e4 Be7 13.Rfe1
h6 14.Bf4 O-O 15.h3 Re8 16.Ne5 Nd7 17.Ng4 Nf6 18.Nh2 Nh7 19.Re3
Bg5 20.Bxg5 Qxg5 21.Rf1 Qf4 22.Qb4 Qc7 23.Rg3 Nf6 24.e5 Nd7 25.Qd2
Kh7 26.Qf4 f5 27.Qh4 Qd8 28.Qh5 Qe7 29.Nf3 Rh8 30.Nh4 Nf8 1/2-1/2

[Event "Challengers' Cup"]
[Site "Seattle, WA"]
[Date "2014.10.26"]
[Round "4"]
[White "Saarenas Mark  (WA)"]
[Black "Thomas Arjun  (WA)"]
[Result "1-0"]
[WhiteElo "1899"]
[BlackElo "1739"]
[Annotator ""]
[Source ""]
[Remark "Open"]

1.e4 e6 2.d4 d5 3.Nc3 Nf6 4.e5 Nfd7 5.f4 c5 6.Nf3 Nc6 7.Be3 a6
8.Qd2 cxd4 9.Nxd4 Bc5 10.O-O-O Nxd4 11.Bxd4 Qc7 12.g4 b5 13.Kb1
Bb7 14.Rg1 b4 15.Na4 Qa5 16.b3 Bc6 17.Nxc5 Nxc5 18.Bxc5 Qxc5
19.Rg3 Bb5 20.Bg2 O-O-O 21.c3 Qb6 22.cxb4 Kb8 23.Rc3 Rc8 24.Rdc1
Rxc3 25.Qxc3 d4 26.Qf3 Ka7 27.f5 d3 28.fxe6 d2 29.Rd1 Rd8 30.exf7
Qb8 31.Qf2+ Qb6 32.f8Q Rxf8 33.Qxf8 Bd3+ 34.Kb2 1-0

[Event "Challengers' Cup"]
[Site "Seattle, WA"]
[Date "2014.10.26"]
[Round "4"]
[White "Wang James  (WA)"]
[Black "Greninger Harley  (WA)"]
[Result "0-1"]
[WhiteElo "1805"]
[BlackElo "2163"]
[Annotator ""]
[Source ""]
[Remark "Open"]

1.e4 c5 2.Nf3 e6 3.d4 cxd4 4.Nxd4 Nf6 5.Nc3 Bb4 6.Bd3 Nc6 7.Nb3
d5 8.exd5 Nxd5 9.Bd2 Nxc3 10.Bxc3 Bxc3+ 11.bxc3 Qg5 12.O-O O-O
13.Nd4 Bd7 14.Rb1 Nxd4 15.cxd4 Bc6 16.f3 Rad8 17.Re1 Qa5 18.Re5
Qc3 19.Be4 Rxd4 20.Qe1 Qxe1+ 21.Rxe1 Bxe4 22.R5xe4 Rxe4 23.Rxe4
Rc8 24.Rd4 g6 25.c4 e5 26.Rd5 Rxc4 27.Rxe5 Rc1+ 28.Kf2 Rc2+ 29.Kg3
Rxa2 30.Re7 Rb2 31.h4 a5 32.Kh3 a4 33.Re8+ Kg7 34.Ra8 b5 35.Ra5
Rb3 36.Kg4 a3 0-1

[Event "Challengers' Cup"]
[Site "Seattle, WA"]
[Date "2014.10.26"]
[Round "4"]
[White "Manivannan Arvind  (WA)"]
[Black "Beck Alec  (WA)"]
[Result "0-1"]
[WhiteElo "726"]
[BlackElo "1311"]
[Annotator ""]
[Source ""]
[Remark "Reserve"]

1.d4 Nf6 2.Nf3 e6 3.Nc3 Be7 4.e4 d5 5.e5 Nfd7 6.g3 c5 7.Bg2 Nc6
8.Nb5 Qb6 9.Bf1 a6 10.Nd6+ Bxd6 11.exd6 cxd4 12.Bg2 O-O 13.O-O
Rd8 14.Bh3 Nde5 15.Bf4 Nxf3+ 16.Qxf3 Qxb2 17.Qb3 Qxb3 18.axb3
e5 19.Bxc8 Raxc8 20.Bd2 Rxd6 21.c4 dxc4 22.bxc4 Ne7 23.Bb4 Rd7
24.Bxe7 Rxe7 25.Rfc1 Rec7 26.Ra4 f6 27.f4 Rc6 28.f5 b5 29.Rb4
Rxc4 30.Rbxc4 Rxc4 31.Rxc4 bxc4 32.Kf1 d3 33.Ke1 c3 34.Kd1 c2+
35.Kd2 e4 0-1

[Event "Challengers' Cup"]
[Site "Seattle, WA"]
[Date "2014.10.25"]
[Round "2"]
[White "Snyder Jakey  (WA)"]
[Black "Beck Alec  (WA)"]
[Result "0-1"]
[WhiteElo "1075"]
[BlackElo "1311"]
[Annotator ""]
[Source ""]
[Remark "Reserve"]

1.e4 e6 2.d4 d5 3.exd5 exd5 4.Nf3 Bd6 5.Be3 Nf6 6.Nbd2 Bg4 7.h3
Bh5 8.Be2 Nbd7 9.O-O O-O 10.c3 c6 11.Re1 Qc7 12.Nf1 Rfe8 13.N3h2
Bxe2 14.Qxe2 Nb6 15.b3 Nbd7 16.Ng4 Nxg4 17.Qxg4 Nf6 18.Qf5 Qc8
19.Qxc8 Raxc8 20.c4 Bb4 21.Bd2 Bxd2 22.Nxd2 Kf8 23.f4 Rcd8 24.c5
Re7 25.Rxe7 Kxe7 26.Re1+ {  Even to this point, the scoresheet stops.  Black did eventually emerge victorious; by what means is a mystery.}
 0-1

[Event "Challengers' Cup"]
[Site "Seattle, WA"]
[Date "2014.10.25"]
[Round "3"]
[White "Lee Addison  (WA)"]
[Black "Hasuike Mike  (OR)"]
[Result "1-0"]
[WhiteElo "1527"]
[BlackElo "1500"]
[Annotator ""]
[Source ""]
[Remark "Reserve"]

1.d4 Nf6 2.c4 e5 3.dxe5 Ne4 4.Nc3 Nxc3 5.bxc3 Bc5 6.Nf3 O-O 7.Bg5
Be7 8.Bxe7 Qxe7 9.Qc2 Nc6 10.e3 Nxe5 11.Nxe5 Qxe5 12.Bd3 g6 13.Rb1
b6 14.Rb5 Qf6 15.Be4 Rb8 16.h4 Ba6 17.Rb4 c6 18.Ra4 Bb7 19.Rxa7
d5 20.cxd5 cxd5 21.Bf3 Rfc8 22.Ra3 Ra8 23.Rxa8 Bxa8 24.Kd2 d4
25.exd4 Bxf3 26.gxf3 Qxf3 27.Rf1 Re8 28.Qd3 Qf4+ 29.Kc2 Qxh4
30.Qf3 Qe7 31.Kb2 Qd7 32.Qd3 Qa4 33.a3 Qd7 34.f4 Qg4 35.f5 Re2+
36.Kb3 Qg2 37.Rb1 Rd2 38.Qb5 Ra2 39.Qe8+ Kg7 40.f6+ Kh6 41.Qe3+
Kh5 42.Kc4 Rxa3 43.Rb5+ g5 44.Rxb6 Ra4+ 45.Kd3 Qf1+ 46.Qe2+ Qxe2+
47.Kxe2 Rc4 48.Kd3 Rc7 49.d5 Kg6 50.Kd4 Kf5 51.c4 g4 52.c5 h5
53.d6 Rd7 54.Kd5 g3 55.c6 1-0

[Event "Challengers' Cup"]
[Site "Seattle, WA"]
[Date "2014.10.25"]
[Round "1"]
[White "Balchand Suraj A  (WA)"]
[Black "Manivannan Arvind  (WA)"]
[Result "1-0"]
[WhiteElo "1351"]
[BlackElo "726"]
[Annotator ""]
[Source ""]
[Remark "Reserve"]

1.e4 e5 2.Nf3 Nc6 3.Bb5 d6 4.d3 Nf6 5.h3 a6 6.Ba4 g6 7.O-O Bg7
8.Be3 O-O 9.Nc3 b5 10.Bb3 Rb8 11.Qc1 Be6 12.Bg5 Bxb3 13.axb3
a5 14.Nd5 Nd4 15.Nxd4 exd4 16.Rxa5 c6 17.Nxf6+ Bxf6 18.Bxf6 Qxf6
19.Qd2 Ra8 20.Ra3 c5 21.b4 Rxa3 22.bxa3 cxb4 23.Qxb4 Rb8 24.a4
Qe5 25.f4 Qc5 26.Qxc5 dxc5 27.Rb1 b4 28.a5 Ra8 29.Ra1 f5 30.e5
Kf7 31.a6 h6 32.Ra5 g5 33.g3 Ra7 34.Rxc5 Rxa6 35.Rc4 Ra2 36.Rxb4
Rxc2 37.Rxd4 gxf4 38.gxf4 Rd2 39.h4 h5 40.Rd6 Ke7 41.d4 Rd3 42.Kg2
Re3 43.d5 Re4 44.Kf3 Rd4 45.Rh6 Rxd5 46.Ke3 Rd8 47.Rxh5 Rf8 48.Rg5
Ke6 49.h5 1-0

[Event "Challengers' Cup"]
[Site "Seattle, WA"]
[Date "2014.10.25"]
[Round "1"]
[White "Huang Ethan  (WA)"]
[Black "Munkh-Erdene Munkhbileg  (WA)"]
[Result "0-1"]
[WhiteElo "696"]
[BlackElo "1393"]
[Annotator ""]
[Source ""]
[Remark "Reserve"]

1.d4 Nf6 2.Bg5 g6 3.e3 Bg7 4.Bd3 d6 5.f4 Bg4 6.Nf3 Nbd7 7.h3
Bxf3 8.Qxf3 c6 9.Nc3 Qb6 10.O-O-O a5 11.Bxf6 Bxf6 12.a3 Qc7 13.Ne2
b5 14.b3 e6 15.Rhf1 Ra7 16.e4 c5 17.e5 Bg7 18.Bxb5 d5 19.Bxd7+
Kxd7 20.dxc5 Qxc5 21.Kb2 Rc8 22.Nc3 Bf8 23.Ra1 Rac7 24.Rfc1 Qxc3+
25.Qxc3 Rxc3 26.Rab1 Rg3 27.Rg1 Rgc3 28.Rgc1 Ke7 29.h4 Bg7 30.g4
f6 31.g5 fxe5 32.fxe5 Bxe5 33.Ka2 Rxc2+ 34.Rxc2 Rxc2+ 35.Rb2
Rxb2+ 36.Ka1 Rxb3+ 37.Ka2 Rh3 38.a4 Rxh4 39.Ka3 Rg4 40.Kb3 Rxg5
41.Ka3 h5 42.Kb3 Kd7 43.Kc2 h4 44.Kd3 h3 45.Kd2 h2 46.Ke3 h1Q
47.Kd3 Qh3+ 48.Ke2 Rg2+ 49.Kf1 Qh1# 0-1

[Event "Challengers' Cup"]
[Site "Seattle, WA"]
[Date "2014.10.25"]
[Round "1"]
[White "Mathews Daniel  (WA)"]
[Black "Haining Breck  (WA)"]
[Result "1-0"]
[WhiteElo "1760"]
[BlackElo "1319"]
[Annotator ""]
[Source ""]
[Remark "Reserve"]

1.e4 g6 2.d4 Bg7 3.Nf3 d6 4.c3 Bd7 5.Bd3 c5 6.Be3 Qb6 7.Qb3 Qxb3
8.axb3 cxd4 9.Bxd4 e5 10.Rxa7 Rxa7 11.Bxa7 Nc6 12.Be3 Nf6 13.Na3
O-O 14.Bc2 d5 15.exd5 Nxd5 16.O-O Nxe3 17.fxe3 Be6 18.Rd1 Rd8
19.Rxd8+ Nxd8 20.Kf2 f6 21.Nd2 Kf7 22.b4 Bf8 23.Bb3 Nc6 24.Bxe6+
Kxe6 25.Ke2 Na7 26.Kd3 b5 27.Nc2 f5 28.e4 f4 29.Nf3 Be7 30.c4
g5 31.h3 h5 32.b3 g4 33.hxg4 hxg4 34.Nd2 Nc6 35.cxb5 Nxb4+ 36.Nxb4
Bxb4 37.Nc4 Bd6 38.Nd2 Kd7 39.Nf1 Bb8 40.Nh2 g3 41.Nf3 Kd6 42.Kc4
Ba7 43.Kb4 Bb6 44.Kc4 Ba7 45.b4 Bb6 46.Kd3 Bd8 47.Ke2 Bf6 48.Nd2
Kc7 49.Nc4 Be7 50.Nxe5 Bxb4 51.Nd3 Be7 52.Nxf4 Kb6 53.Nd5+ 1-0

[Event "Challengers' Cup"]
[Site "Seattle, WA"]
[Date "2014.10.25"]
[Round "1"]
[White "Zhang Derek  (WA)"]
[Black "Jung Trevor  (WA)"]
[Result "1-0"]
[WhiteElo "1957"]
[BlackElo "1577"]
[Annotator ""]
[Source ""]
[Remark "Open"]

1.e4 e5 2.Nf3 Nc6 3.d4 exd4 4.Nxd4 Bc5 5.Be3 Qf6 6.c3 Nge7 7.Bc4
O-O 8.O-O Ng6 9.f4 d6 10.Nc2 Bb6 11.Nd2 Re8 12.Qf3 Bd7 13.Qg3
h6 14.Bxb6 axb6 15.Ne3 Be6 16.Bxe6 fxe6 17.Ng4 Qf7 18.f5 Nce5
19.fxg6 Qxg6 20.Nf6+ gxf6 21.Qh3 Re7 22.Rf4 Kh7 23.Raf1 Rf8 24.Nf3
Ref7 25.Qxe6 Rg7 26.g3 Nd3 27.Rf5 Nxb2 28.Nd4 Rgf7 29.Qd5 Re8
30.Qb5 Rxe4 31.Qxb2 Rg4 32.Qf2 c5 33.Nc2 Qg8 34.Ne3 Rg6 35.Nd5
Qg7 36.Nxb6 Rg4 37.Nd5 Rg6 38.Nf4 Rg4 39.Nh5 Qg8 40.Nxf6+ Rxf6
41.Rxf6 Qe8 42.Rf7+ Kg6 43.Qf5# 1-0

[Event "Challengers' Cup"]
[Site "Seattle, WA"]
[Date "2014.10.25"]
[Round "1"]
[White "Arganian David (WA)"]
[Black "Thomas Arjun  (WA)"]
[Result "1/2-1/2"]
[WhiteElo "2000"]
[BlackElo "1739"]
[Annotator ""]
[Source ""]
[Remark "Open"]

1.d4 Nf6 2.Bg5 Ne4 3.Bf4 d5 4.f3 Nf6 5.e4 e6 6.Nc3 Bb4 7.Qd3
O-O 8.O-O-O c6 9.e5 Nfd7 10.Nh3 Be7 11.Qd2 b6 12.Ng5 Ba6 13.Bxa6
Nxa6 14.Nxh7 Kxh7 15.Qd3+ Kg8 16.Qxa6 Bg5 17.Bd2 c5 18.f4 cxd4
19.Na4 Be7 20.Qd3 Qc7 21.Qxd4 Rfc8 22.Qc3 d4 23.Qxc7 Rxc7 24.b3
Rac8 25.Kb1 Rxc2 26.Rc1 d3 27.Rxc2 Rxc2 28.Rd1 Nc5 29.Nxc5 Bxc5
30.g3 Ba3 31.Bc1 Bxc1 32.Rxc1 Rxh2 33.Rd1 d2 34.Kc2 Rg2 35.Rxd2
Rxg3 36.Rd8+ Kh7 37.Rd7 Rg2+ 1/2-1/2

[Event "Challengers' Cup"]
[Site "Seattle, WA"]
[Date "2014.10.25"]
[Round "1"]
[White "Greninger Harley  (WA)"]
[Black "Yu Jason  (WA)"]
[Result "0-1"]
[WhiteElo "2163"]
[BlackElo "1815"]
[Annotator ""]
[Source ""]
[Remark "Open"]

1.e4 c5 2.Nf3 e6 3.d4 cxd4 4.Nxd4 Nf6 5.Nc3 Bb4 6.Bg5 Bxc3+ 7.bxc3
Qa5 8.Bxf6 Qxc3+ 9.Ke2 gxf6 10.Rb1 b6 11.f3 Nc6 12.Nxc6 Qxc6
13.Qd3 Bb7 14.Kd2 Rc8 15.Rb2 O-O 16.Qd4 e5 17.Qe3 d5 18.Bb5 Qe6
19.exd5 Bxd5 20.Kc1 Bc4 21.Ba4 Bxa2 22.Rd1 Rfd8 23.Rd2 Bc4 24.g3
Rd6 25.Bb3 Rcd8 26.Bxc4 Qxc4 27.Rxd6 Rxd6 ( 27...Qf1+ 28.Kd2
Rxd6+ ) 28.Rb3 Qd4 29.Qe2 Qa1+ 30.Rb1 Qa3+ 31.Rb2 Rd4 32.f4 Qa1+
33.Rb1 Qa3+ 34.Rb2 Qd6 35.Rb3 exf4 36.Qg4+ Kf8 37.gxf4 Qxf4+
38.Qxf4 Rxf4 39.Ra3 a5 40.Rh3 Kg7 41.Rg3+ Kh6 0-1

[Event "Challengers' Cup"]
[Site "Seattle, WA"]
[Date "2014.10.25"]
[Round "1"]
[White "Phillips Daniel  (WA)"]
[Black "Feng Roland  (WA)"]
[Result "1/2-1/2"]
[WhiteElo "1886"]
[BlackElo "2292"]
[Annotator ""]
[Source ""]
[Remark "Open"]

1.d4 Nf6 2.c4 e6 3.Nc3 Bb4 4.f3 O-O 5.e4 d5 6.e5 Nh5 7.Nh3 c5
8.a3 Ba5 9.dxc5 d4 10.b4 dxc3 11.bxa5 Qxa5 12.Be3 Rd8 13.Qc2
Nc6 14.Rc1 Nxe5 15.Qxc3 Qxc3+ 16.Rxc3 Bd7 17.Bd3 Bc6 18.Ke2 f6
19.Rb1 Rd7 20.Nf2 f5 21.Nh3 Nf6 22.Bc2 h6 23.Nf4 Kf7 24.Nd3 Nxd3
25.Rxd3 g5 26.Rbd1 Rxd3 27.Rxd3 f4 28.Bd4 Nd7 29.Bf2 Re8 30.Rd6
Ne5 31.Bd3 Kf8 32.Rd4 Ke7 33.Kd2 Rc8 34.Kc3 Nf7 35.Bg6 Ne5 36.Bc2
Nd7 37.Rd2 Rd8 38.Rd6 a6 39.Bh7 Nf6 40.Rxd8 Kxd8 41.Bg6 e5 42.Kd3
Ke7 43.Bf5 g4 44.Ke2 gxf3+ 45.gxf3 e4 46.fxe4 Nxe4 47.Bd4 Ng5
48.Bg7 h5 49.Be5 Ne6 50.h4 f3+ 51.Ke3 Nxc5 52.Bg6 Nb3 53.Bc3
Nc5 54.Bb4 Kf6 55.Bxh5 f2 56.Kxf2 Ne4+ 57.Ke3 Ng3 58.Bg4 1/2-1/2